000 00468nam a2200169 a 4500
005 20140412111329.0
008 021030s19uu xx 00 eng d
020 _a0-02-178993-2
050 _aBB
_bRa149 1990
100 _aSerfozo, Mary
245 _aRain talk /
_cMary Serfozo ; illustrated by Keiko Narahashi.
260 _bMacmillan/McGraw-Hill,
_c1990.
_aNew York :
300 _a29 p. ; ill.
650 _aRains--Fiction
999 _c104810
_d104810